00470nam a2200145Ia 450000500170000000800410001710000320005824500530009026000190014330000110016265000130017394200070018699900150019395201160020820260328101519.0260328s9999||||xx |||||||||||||| ||und|| aBesnard Bernadac, Emmanuel  0aLa Maison de demain /cEmmanuel Besnard Bernadac bRobert Laffont a128 p. aVIVIENDA cBK c9505d9505 001040708GENaGPCbGPCcGENd2026-03-28i3348l0o728.9 B 4641p3348r2026-03-28 15:15:19t1w2026-03-28yBK